<?xml version="1.0" encoding="UTF-8"?>
<record
    xmlns:xsi="http://www.w3.org/2001/XMLSchema-instance"
    xsi:schemaLocation="http://www.loc.gov/MARC21/slim http://www.loc.gov/standards/marcxml/schema/MARC21slim.xsd"
    xmlns="http://www.loc.gov/MARC21/slim">

  <leader>01048nam a22002417a 4500</leader>
  <controlfield tag="005">20100816102618.0</controlfield>
  <controlfield tag="008">090601t        xxu||||| |||| 00| 0 Ur d</controlfield>
  <datafield tag="010" ind1=" " ind2=" ">
    <subfield code="a">UR-7734</subfield>
  </datafield>
  <datafield tag="020" ind1=" " ind2=" ">
    <subfield code="c">100.00</subfield>
  </datafield>
  <datafield tag="035" ind1=" " ind2=" ">
    <subfield code="a">U-6289</subfield>
  </datafield>
  <datafield tag="040" ind1=" " ind2=" ">
    <subfield code="a">dpl</subfield>
    <subfield code="b">Urdu</subfield>
  </datafield>
  <datafield tag="082" ind1=" " ind2=" ">
    <subfield code="a">&#x6A9;</subfield>
  </datafield>
  <datafield tag="100" ind1=" " ind2=" ">
    <subfield code="a">&#x635;&#x62F;&#x6CC;&#x642;&#x6CC;&#x60C; &#x627;&#x644;&#x6CC;&#x627;&#x633;</subfield>
    <subfield code="9">13525</subfield>
  </datafield>
  <datafield tag="245" ind1=" " ind2=" ">
    <subfield code="a">&#x62C;&#x627;&#x6AF; &#x645;&#x631;&#x6D2;&#x634;&#x6C1;&#x631; /</subfield>
    <subfield code="c">&#x627;&#x644;&#x6CC;&#x627;&#x633; &#x635;&#x62F;&#x6CC;&#x642;&#x6CC;</subfield>
  </datafield>
  <datafield tag="246" ind1=" " ind2=" ">
    <subfield code="a">Jag Mere Shaher /</subfield>
    <subfield code="b">by Ilyas Shiddiqui</subfield>
  </datafield>
  <datafield tag="260" ind1=" " ind2=" ">
    <subfield code="a">&#x646;&#x627;&#x634;&#x6A9;</subfield>
    <subfield code="c">2008</subfield>
    <subfield code="b">&#x635;&#x62F;&#x6CC;&#x642;&#x6CC; &#x67E;&#x631;&#x6A9;&#x627;&#x634;&#x646;</subfield>
  </datafield>
  <datafield tag="270" ind1=" " ind2=" ">
    <subfield code="a">299, Gurudwara Road, Chuna Bhatti</subfield>
    <subfield code="b">Nashik</subfield>
    <subfield code="e">423203</subfield>
    <subfield code="k">02554+239111</subfield>
  </datafield>
  <datafield tag="300" ind1=" " ind2=" ">
    <subfield code="a">220 &#x635;</subfield>
    <subfield code="b">22 &#x633; &#x645; (Pbk)</subfield>
  </datafield>
  <datafield tag="710" ind1=" " ind2=" ">
    <subfield code="a">&#x633;&#x627;&#x62D;&#x644; &#x627;&#x62D;&#x645;&#x62F;</subfield>
    <subfield code="9">13526</subfield>
  </datafield>
  <datafield tag="942" ind1=" " ind2=" ">
    <subfield code="2">ddc</subfield>
    <subfield code="c">UR</subfield>
    <subfield code="h">841.08</subfield>
    <subfield code="m">&#x633; &#x6C1; &#x6CC;</subfield>
  </datafield>
  <datafield tag="999" ind1=" " ind2=" ">
    <subfield code="c">42047</subfield>
    <subfield code="d">42047</subfield>
  </datafield>
  <datafield tag="952" ind1=" " ind2=" ">
    <subfield code="0">0</subfield>
    <subfield code="1">0</subfield>
    <subfield code="2">ddc</subfield>
    <subfield code="4">0</subfield>
    <subfield code="7">1</subfield>
    <subfield code="8">NFIC</subfield>
    <subfield code="a">DBAD</subfield>
    <subfield code="b">DBAD</subfield>
    <subfield code="d">2010-08-16</subfield>
    <subfield code="e">DBAD/PUB</subfield>
    <subfield code="g">100.00</subfield>
    <subfield code="l">0</subfield>
    <subfield code="o">841.08 &#x633; &#x6C1; &#x6CC;</subfield>
    <subfield code="p">U-6289</subfield>
    <subfield code="r">2010-08-16 00:00:00</subfield>
    <subfield code="t">1</subfield>
    <subfield code="v">100.00</subfield>
    <subfield code="w">2010-08-16</subfield>
    <subfield code="y">UR</subfield>
  </datafield>
</record>
